|
|
|
|
| LEADER |
00000nas a2200000 a 4500 |
| 001 |
ssj0016492 |
| 003 |
WaSeSS |
| 005 |
20200512172242.0 |
| 006 |
m d |
| 007 |
cr n |
| 008 |
970515c19939999paubr p s 0 a0eng c |
| 010 |
|
|
|a sn 97004548
|
| 022 |
|
|
|a 1095-7197
|l 1064-8275
|y 1064-8275
|
| 035 |
|
|
|a (WaSeSS)ssj0016492
|
| 037 |
|
|
|b Society for Industrial and Applied Mathematics, 3600 Market St, 6th Fl, Philadelphia, PA 19104 United States
|
| 040 |
|
|
|a IWA
|b eng
|c IWA
|d NSD
|d OCL
|d OCLCQ
|d MUQ
|d OCL
|d LGG
|d OCLCQ
|d TXA
|d OCLCQ
|d OCLCF
|d OCLCO
|d VT2
|d OCLCQ
|d WT2
|d OCLCQ
|d AU@
|d OCLCQ
|d WaSeSS
|
| 042 |
|
|
|a nsdp
|a pcc
|
| 050 |
1 |
4 |
|a QA297
|b .S587a
|
| 082 |
1 |
0 |
|a 519
|2 12
|
| 210 |
0 |
|
|a SIAM j. sci. comput.
|b (Online)
|
| 222 |
|
0 |
|a SIAM journal on scientific computing
|b (Online)
|
| 245 |
0 |
0 |
|a SIAM journal on scientific computing
|h [electronic resource].
|
| 246 |
1 |
|
|a SIAM j. sci. comput
|
| 260 |
|
|
|a [Philadelphia] :
|b Society for Industrial and Applied Mathematics,
|c ©1993-
|
| 310 |
|
|
|a Bimonthly
|
| 362 |
1 |
|
|a Began with: Vol. 14, no. 1 (Jan. 1993).
|
| 506 |
|
|
|a License restrictions may limit access.
|
| 520 |
|
|
|a A journal on numerical methods and techniques for scientific computation.
|
| 538 |
|
|
|a Mode of access: World Wide Web.
|
| 588 |
0 |
|
|a Vol. 14, no. 1 (Jan. 1993); title from issue table of contents (SIAM site, viewed Feb. 15, 2012).
|
| 588 |
1 |
|
|a Vol. 34, no. 1 (2012) (SIAM site, viewed Feb. 15, 2012).
|
| 650 |
|
0 |
|a Numerical analysis
|x Data processing
|v Periodicals.
|
| 650 |
|
0 |
|a Mathematical statistics
|x Data processing
|v Periodicals.
|
| 650 |
|
0 |
|a Science
|x Data processing
|v Periodicals.
|
| 650 |
|
6 |
|a Analyse numérique
|x Informatique
|v Périodiques.
|
| 650 |
|
6 |
|a Statistique mathématique
|x Informatique
|v Périodiques.
|
| 650 |
|
6 |
|a Sciences
|x Informatique
|v Périodiques.
|
| 650 |
|
7 |
|a Mathematical statistics
|x Data processing.
|2 fast
|0 (OCoLC)fst01012133
|
| 650 |
|
7 |
|a Numerical analysis
|x Data processing.
|2 fast
|0 (OCoLC)fst01041279
|
| 650 |
|
7 |
|a Science
|x Data processing.
|2 fast
|0 (OCoLC)fst01108207
|
| 655 |
|
0 |
|a Electronic journals.
|
| 710 |
2 |
|
|a Society for Industrial and Applied Mathematics.
|
| 776 |
0 |
8 |
|i Print version:
|t SIAM journal on scientific computing
|x 1064-8275
|w (DLC) 93643859
|w (OCoLC)26409689
|
| 780 |
0 |
0 |
|t SIAM journal on scientific and statistical computing
|w (DLC) 2007247526
|w (OCoLC)64253079
|
| 856 |
4 |
0 |
|z Full text available from Research Library: 1993 to 05/31/2014
|u https://search.proquest.com/publication/666298
|